|
|
|
|
| LEADER |
00000nab a2200000 a 4500 |
| 001 |
vtls000775816 |
| 003 |
SK-MaSNL |
| 005 |
20260319074948.0 |
| 008 |
160314c2001 xo 0 hun |
| 015 |
|
|
|a SNBRB2001/11-33876
|
| 035 |
|
|
|a CLN000127603
|
| 040 |
|
|
|a SNKBUCL
|b slo
|c SNKBUCL
|e AACR2
|
| 041 |
0 |
|
|a slo
|
| 044 |
|
|
|a xo
|c SK
|
| 080 |
|
|
|a 82.09:894.511-3(048)
|2 UDC-MRF-SK2
|
| 080 |
|
|
|a 894.511-3(048)
|2 UDC-MRF-SK2
|
| 100 |
1 |
|
|a Németh, Zoltán,
|d 1970-
|4 aut
|9 102330
|
| 245 |
1 |
0 |
|a A szöveg és a külső valóság
|b Esterházy Péter Harmonia caelestise a szerzői név ... regénye
|c Németh Zoltán
|
| 300 |
|
|
|b Fotogr.
|
| 650 |
0 |
7 |
|a romány spoločenské maďarské
|x recenzie
|2 snkbucl
|9 840274
|
| 773 |
0 |
|
|t Új szó
|g Roč. 54, č. 251 (31.10.2001), s. 8
|
| 787 |
0 |
8 |
|i Rec.:
|a Esterházy, Péter, 1950-
|t Harmonia caelestis
|d Budapest : Magvető, 2000
|z 9631421937
|
| 850 |
|
|
|a Slovenská národná knižnica v Martine
|
| 852 |
|
|
|a SNK
|b KIS3GCP
|
| 958 |
|
|
|a HU
|
| 958 |
|
|
|a LX
|
| 958 |
|
|
|a RC
|
| 958 |
|
|
|a RBX
|
| 999 |
|
|
|c 1367931
|d 1369861
|